| 000 | 00829nam a22002057a 4500 | ||
|---|---|---|---|
| 003 | BD-DhUL | ||
| 005 | 20181106110855.0 | ||
| 008 | 161016s19892015ii |||| |||| 000 0 ben d | ||
| 040 |
_aBD-DhUL _cBD-DhUL |
||
| 082 |
_a615.32 _bCHA |
||
| 245 | 0 | 0 |
_aচরক-সংহিতা : _bখণ্ড ৫ / _cসম্পাদক ব্রজেন্দ্রচন্দ্র নাগ । |
| 260 |
_aকলিকাতা : _bনবপত্র, _c১৯৯৬( ২০১৫) |
||
| 300 |
_aখ. ; _c২২ সেমি. |
||
| 365 |
_aIRS _b150.00 |
||
| 505 | _aসূচী: খ. ৫। চিকিৎসা স্থান । | ||
| 650 | 0 | _aআয়ুর্বেদী ঔষধ । | |
| 650 | 0 | _aAyurvedic medicine. | |
| 700 | 1 | _aনাগ, ব্রজেন্দ্রচন্দ্র । | |
| 942 |
_2ddc _cBK |
||
| 999 |
_c109081 _d109081 |
||